| 000 | 00991nam a2200205Ia 4500 | ||
|---|---|---|---|
| 999 |
_c36514 _d36514 |
||
| 001 | 2432 | ||
| 003 | GE_BSU | ||
| 005 | 20190522154159.0 | ||
| 008 | 181216s1990||||ge |||||||||||||| ||geo|| | ||
| 040 | _cGE_BSU | ||
| 041 | _ageo | ||
| 080 | _a94(5) ძ–49 | ||
| 245 |
_aძველი აღმოსავლეთის ხალხთა ისტორიის ქრესტომათია / _cსაქ. სსრ მეცნ. აკად., ისტორიის, არქეოლოგიისა და ეთნოგრაფიის ინ-ტი ; [რედ.: გრ. გიორგაძე] |
||
| 264 |
_aთბილისი: _bმეცნიერება, _c1990. |
||
| 300 |
_a374 გვ.; _b22 სმ. |
||
| 653 | _a ძველი აღმოსავლეთის ისტორია | ||
| 653 | _aქრესტომათიები | ||
| 700 |
_aგიორგაძე, გრ. _eრედაქტორი _91506 |
||
| 942 |
_cBK _2udc |
||